| 000 | 01140nam a22002297a 4500 | ||
|---|---|---|---|
| 008 | 100616s2002 ua|||||r|||| 000 0 ara d | ||
| 020 | _a977043356X | ||
| 082 |
_222 _a658.5 _bب ط ل |
||
| 100 |
_914761 _aالبطل، منى محمد إبراهيم |
||
| 245 |
_aإدارة الإنتاج والعمليات : _bالمبادىء العلمية والتطبيق العلمي مع نظرة مستقبلية لتحقيق القدرات التنافسية / _cمنى محمد إبراهيم البطل |
||
| 260 |
_a[د.م]: _b[د.ن] ، _c[2003?] |
||
| 300 |
_a387 ص: _bايض؛ _c24 سم |
||
| 504 | _aببليوجرافية: ص 387-389 | ||
| 650 |
_914821 _aإدارة الإنتاج |
||
| 650 |
_914823 _aتخطيط الإنتاج |
||
| 650 |
_914824 _aجودة الإنتاج |
||
| 650 |
_914822 _aمراقبة الإنتاج |
||
| 650 |
_914822 _aمراقبة الإنتاج |
||
| 650 |
_914825 _aبحوث العمليات |
||
| 942 |
_2ddc _cBB |
||
| 999 |
_c14100 _d14100 |
||